00397nam a2200145Ia 4500008004100000020001300041041000800054082001700062100002200079245005200101250000600153260006100159300001300220650001800233210716s2001 xx 000 0 und d a70411832 aeng a005.133 SCHH aSchildt, Herbert. aC: the complete reference.bComplete reference. a4 aNew DelhibTata McGraw Hill Publishing Company Ltdc2001 axxvi,805 aC Programming